Normal view
MARC view
- Guide Name:Shand Nidhi
Entry Personal Name
001 - CONTROL NUMBER
- control field: 210948
003 - CONTROL NUMBER IDENTIFIER
- control field: OSt
005 - DATE AND TIME OF LATEST TRANSACTION
- control field: 20250110171811.0
008 - FIXED-LENGTH DATA ELEMENTS
- fixed length control field: 250110|| aca||aabn | a|a d
040 ## - CATALOGING SOURCE
- Original cataloging agency: OSt
- Transcribing agency: OSt
100 ## - HEADING--PERSONAL NAME
- Personal name: Guide Name:Shand Nidhi
670 ## - SOURCE DATA FOUND
- Source citation: Work cat.: (OSt)364569: Dimble Komal 184152, Landscape Design For Centre Of Environment Awareness With Rural Context, 2020